000 00452nam a2200181Ia 4500
003 LK-CoDNM
008 010623t2007 xxu||||| |||| 00| 1 sin d
040 _aLK-CoDNM
_dLK-CoDNM
_eLK-CoDNM
041 _asin
080 _a159.9 ILA
100 _aIlangakoon,Samantha.
245 _aචින්තන ධාරා
246 _aChinthana Dhara
260 _bSamanthi
_aJa Ela
_c2007
300 _b64p., 21 cm
650 _aPhilosophy
942 _cBK
999 _c126642
_d126642